MDQL
is popping MORE tags! Check the
thread
!
Quizzes
Events
Quiz Creation
Community
Videos
Private Events
Remove Ads
Sign In
Join for FREE
Feedback
Dark Mode
Quiz Categories
Sports
Geography
Music
Movies
Television
Just For Fun
Miscellaneous
History
Literature
Language
Science
Gaming
Entertainment
Religion
Holiday
For Kids
Quiz Lab
Recent
Popular Today
Quiz Kudos Today
Editor Picks
Curator Picks
Quizzes by...
Day
Popularity
Type
Ratings
Length
Year
Community
Subscriptions
Recent Discussions
Orange Saloon
Badges
Playlists
Quests
Create
Leaderboards
Showdown
Live 5
Trivia Bingo
Activity
Puzzle Library
Sporcle Events
Private Events
Virtual Trivia
Globe League
Become a Host
Pub Owners
SporcleCon
Opinionation
Our Games
Videos
Blog
Mobile Apps
Partnerships
Remove Ads and Go Orange
Feedback
Music
Pop Music
The Beatles
Song
Album
Lyrics
Bands
Singers
Artist
Clip
Rock
Rap
Classical
Billboard
Country Music
Kpop
Taylor Swift
Music
Pop Music
The Beatles
Song
Album
Lyrics
Bands
Singers
Artist
Clip
Rock
Rap
Classical
Billboard
Country Music
Kpop
Taylor Swift
Random Quiz
Search Sporcle
×
Quiz Lab
Quiz Lab
Music
Lyrics
Type in answers that appear in a list
Type in answers that appear in a list
Classic
Best Score? Go Orange.
Michael Tolcher Lyrics 2 Stats
Can you name the lyrics to this song by Michael Tolcher?
By
Twilight_Phantom
8m
298 Questions
11 Plays
11 Plays
11 Plays
Comments
Comments
Give Quiz Kudos
Give Quiz Kudos
-
- Ratings
hide this ad
Replay
Link that replays current quiz
Next Quiz
Link to next quiz in quiz playlist
You Got
0%
They Got
Avg Score
71%
Avg Friend Score
Upgrade to see
Score Distribution
Jump to the score distribution portion of the page
Score
0/298
Timer
08:00
0
Plays Today
% Correct
I
100%
We
100%
I
100%
the
100%
I
100%
I've
100%
I
100%
I
100%
I
100%
I
100%
I
100%
I
100%
I've
100%
I
100%
I
100%
I
100%
I've
100%
I
100%
I
100%
a
90.9%
When
81.8%
was
81.8%
you
81.8%
let
81.8%
it
81.8%
Back
81.8%
couldn't
81.8%
the
81.8%
You
81.8%
find
81.8%
to
81.8%
the
81.8%
to
81.8%
the
81.8%
the
81.8%
to
81.8%
Well
81.8%
to
81.8%
onto
81.8%
the
81.8%
when
81.8%
you
81.8%
know
81.8%
it
81.8%
to
81.8%
the
81.8%
Well,
81.8%
have
81.8%
you
81.8%
to
81.8%
it
81.8%
let
81.8%
go...
81.8%
one
81.8%
day
81.8%
I'll
81.8%
you
81.8%
try
81.8%
I'm
81.8%
so
81.8%
the
81.8%
get
81.8%
I'm
81.8%
I'm
81.8%
like
81.8%
to
81.8%
the
81.8%
the
81.8%
You
81.8%
know
81.8%
it
81.8%
When
81.8%
get
81.8%
the
81.8%
know
81.8%
I'm
81.8%
Well
81.8%
to
81.8%
onto
81.8%
the
81.8%
when
81.8%
you
81.8%
know
81.8%
it
81.8%
to
81.8%
the
81.8%
Well
81.8%
you
81.8%
have
81.8%
to
81.8%
let
81.8%
it
81.8%
go...
81.8%
one
81.8%
day,
81.8%
I'll
81.8%
you
81.8%
try
81.8%
I'm
81.8%
so
81.8%
% Correct
the
81.8%
get
81.8%
I'm
81.8%
I'm
81.8%
like
81.8%
to
81.8%
the
81.8%
you
81.8%
know.
81.8%
I'm
81.8%
on
81.8%
to
81.8%
the
81.8%
to
81.8%
the
81.8%
I'm
81.8%
try
81.8%
it
81.8%
One
81.8%
day
81.8%
I'll
81.8%
you
81.8%
try
81.8%
I'm
81.8%
so
81.8%
the
81.8%
get
81.8%
I'm
81.8%
I'm
81.8%
like
81.8%
to
81.8%
the
81.8%
young,
72.7%
me
72.7%
under
72.7%
me
72.7%
for
72.7%
that
72.7%
until
72.7%
say.
72.7%
your
72.7%
not
72.7%
feels
72.7%
can
72.7%
after.
72.7%
not
72.7%
feels
72.7%
'til
72.7%
feels
72.7%
that
72.7%
Until
72.7%
say.
72.7%
your
72.7%
not
72.7%
feels
72.7%
can
72.7%
after.
72.7%
not
72.7%
feels
72.7%
Feels
72.7%
feels
72.7%
say.
72.7%
your
72.7%
not
72.7%
feels
72.7%
can
72.7%
after.
72.7%
not
72.7%
feels
72.7%
Feels better...
72.7%
kept
63.6%
helped
63.6%
catch
63.6%
fall,
63.6%
waiting
63.6%
it's
63.6%
hard
63.6%
hold
63.6%
skies.
63.6%
hear
63.6%
everything
63.6%
might
63.6%
even
63.6%
in
63.6%
found
63.6%
speed
63.6%
better.
63.6%
Faster,
63.6%
quicker
63.6%
what
63.6%
afraid
63.6%
of
63.6%
Speed
63.6%
better.
63.6%
and
63.6%
of
63.6%
and
63.6%
it's
63.6%
hard
63.6%
hold
63.6%
% Correct
skies.
63.6%
hear
63.6%
everything
63.6%
might
63.6%
even
63.6%
in
63.6%
found
63.6%
speed
63.6%
Faster,
63.6%
quicker
63.6%
what
63.6%
afraid
63.6%
of
63.6%
Speed
63.6%
better!
63.6%
better...
63.6%
Speed
63.6%
better...
63.6%
right.
63.6%
and
63.6%
gonna
63.6%
hear
63.6%
everything
63.6%
might
63.6%
even
63.6%
in
63.6%
found.
63.6%
Speed
63.6%
better!
63.6%
Faster,
63.6%
quicker
63.6%
what
63.6%
afraid
63.6%
of
63.6%
Speed
63.6%
better...
63.6%
Speed feels better...
63.6%
better.
63.6%
drive.
54.5%
fifty-five.
54.5%
then,
54.5%
reach
54.5%
parachute
54.5%
wind
54.5%
slow
54.5%
dust
54.5%
settle.
54.5%
bird
54.5%
flies
54.5%
belongs
54.5%
way.
54.5%
disaster.
54.5%
ride
54.5%
side.
54.5%
time,
54.5%
bird
54.5%
flies
54.5%
belongs
54.5%
way.
54.5%
disaster.
54.5%
ride
54.5%
side.
54.5%
Yeah (yeah)
54.5%
Yeah (yeah)
54.5%
Maybe
54.5%
you're
54.5%
Maybe
54.5%
my
54.5%
again.
54.5%
ride
54.5%
wind.
54.5%
forever.
54.5%
way.
54.5%
disaster.
54.5%
ride
54.5%
side.
54.5%
pedal.
45.5%
doubt,
45.5%
wilder
45.5%
take
45.5%
living.
45.5%
doubt,
45.5%
wilder
45.5%
own.
45.5%
rise
45.5%
doubt,
45.5%
wilder
45.5%
Boring
36.4%
Crash
36.4%
Leave
36.4%
burn
36.4%
if
36.4%
takes
36.4%
waste
27.3%
leap.
27.3%
sublime.
27.3%
rush
27.3%
ground
27.3%
Quiz Playlist
Details
Report
Send in Message
Add To Playlist
Classic:
Type in answers that appear in a list
Last Updated: Feb 16, 2017
Quiz Scoreboard
CHALLENGE
Sign Up to Join the Scoreboard
Show All
Scores
Hide
Comments
May contain spoilers
Recently Published
1-10 Letter E Words III
by El_Dandy
Language
2m
Street Fighter Characters
by Artimus82
Gaming
60s
College Basketball Coaching Resumes
by pancakes188
Sports
9m
More to Explore
Quiz From the Vault
Featured Blog Post
Where Did the Easter Bunny Come From?
hide this ad
You Might Also Like...
Tags
Lyrics Quiz
Pop Rock
Today's Top Quizzes in Music
Browse Music
hide this ad
Today's Top Quizzes in Lyrics
Browse Lyrics
Top Contributed Quizzes in Music
1
Taylor Swift All Songs (2024)
2
Taylor Swift Logic Puzzle
3
Guess the Artist- 70s Songs
4
7-to-1: Billboard Hot 100 #1 Hits of 2010s
5
Sorting Albums and Songs
6
KPOP LOGIC QUIZ
7
Billboard Blitz: Aretha Franklin
8
Guess the Taylor Swift song (Mystery Song)
9
Guess The Taylor Swift Lyrics Song #1
10
Billboard Blitz: ABBA
Explore More
Trending Topics
Kpop
Marvel
Anime
Crossword
Harry Potter
Disney
NBA
Pokémon
Country
The Office
NFL
Song
Soccer
Puzzle
WWE
hide this ad
More By:
Twilight_Phantom
Quiz
Plays
Rating
Category
Featured
Created
US History by Decade
107,588
4.55
History
May 8, 2012
Secret Tunnel Lyrics
960
5.00
Television
Jun 18, 2012
Letra de Bailando (Enrique Iglesias)
677
3.20
Music
Mar 28, 2015
Talk Dirty to Me Lyrics (Poison)
490
5.00
Music
Mar 28, 2015
Letra de Ciudad Mágica
336
5.00
Music
Sep 29, 2014
Go to Creator's Profile
Score Distribution
Quiz Creator Spotlight
Twilight_Phantom
Follow
Send a Message
Quizzes Created
-
Created Quiz Play Count
-
More By This Creator
Popular Quizzes Today
1
Find the US States - No Outlines Minefield
2
Find the Countries of Europe - No Outlines Minefield
3
The Countries of the World
4
Find the US States
5
Risky Map Clicking: Biggest States A-Z
6
US States
7
Popular People in 1961
8
Movies - When Are They Set?
More Music Quizzes
Even More Similar Song Titles
Published
Trending Quizzes
Risky Map Clicking: Least Populous States A-Z
1-10 Letter G Words
1-10 Letter F Words
Countries of the World: 200 Million BC
Risky Map Clicking: Next State Alphabetically
Recently Updated
Beyoncé Albums
pecheneg
Leaping Animals
pecheneg
Reality TV Shows (A-Z)
bhenderson79
Rickey Henderson's Hall of Fame Teammates
pecheneg
Champions League XIs: Arsenal
pecheneg
Quick Pick: Celebrities in WWE's Hall of Fame
aduchscher
A-Z Keypad Blitz II
pecheneg
Multiple Oscar Actors
pecheneg
Mystery Phrase Blitz: Oscar 'Best Actors'
pecheneg
F. Scott Fitzgerald Novels
LTH
Trending Topics
Crossword
Anime
NBA
Disney
Kpop
Marvel
Harry Potter
Puzzle
WWE
The Office
Country
NFL
Pokémon
Soccer
Song
Your Account Isn't Verified!
In order to create a playlist on Sporcle, you need to verify the email address you used during registration. Go to your
Sporcle Settings
to finish the process.
Report this User
Report this user for behavior that violates our
Community Guidelines
.
Details:
Send Report
Go to the Sporcle.com Mobile Site →
Comments